[Event "Titled Tuesday intern op 14th Jun Early"]
[Site "Chess.com INT"]
[Date "2022.06.14"]
[Round "3"]
[White "Matyukov, Petr"]
[Black "Stromboli, Ettore"]
[Result "1-0"]
[WhiteElo "2315"]
[BlackElo "2308"]
[PlyCount "77"]
[EventDate "2022.06.14"]
[EventType "swiss (blitz)"]
[EventRounds "11"]
[EventCountry "USA"]
[SourceTitle "EXT 2023"]
[Source "ChessBase"]
[SourceDate "2022.10.05"]
[SourceVersion "1"]
[SourceVersionDate "2022.10.05"]
[SourceQuality "1"]

1. d4 Nf6 2. c4 e6 3. g3 b6 4. Bg2 d5 5. cxd5 Bb7 6. Nc3 Nxd5 7. Nxd5 Bxd5 8. e4 Bb7 9. Ne2 Nc6 10. 0-0 Be7 11. Be3 0-0 12. a3 Na5 13. Rc1 Rc8 14. b4 Nc6 15. e5 Qd7 16. Qc2 Nd8 17. Bxb7 Nxb7 18. h4 c5 19. dxc5 bxc5 20. Rfd1 Qc7 21. Qc3 Qb6 22. h5 h6 23. Nf4 a5 24. bxa5 Qxa5 25. Rd7 Qb5 26. Rxe7 Rfd8 27. a4 Qc6 28. a5 Kf8 29. Rxb7 Qxb7 30. Bxc5+ Kg8 31. Qe3 Qb5 32. Bb6 Rxc1+ 33. Qxc1 Rd7 34. Kh2 Qxe5 35. Qc8+ Kh7 36. Qxd7 Qf5 37. Qd3 g5 38. Qxf5+ exf5 39. Nd5 1-0

[Event "Titled Tuesday intern op 12th Apr Early"]
[Site "Chess.com INT"]
[Date "2022.04.12"]
[Round "2"]
[White "Delorme, Alban"]
[Black "Stromboli, Ettore"]
[Result "1-0"]
[WhiteElo "2290"]
[BlackElo "2308"]
[PlyCount "83"]
[EventDate "2022.04.12"]
[EventType "swiss (blitz)"]
[EventRounds "11"]
[EventCountry "USA"]
[SourceTitle "CBM 207 Extra"]
[Source "ChessBase"]
[SourceDate "2022.05.31"]
[SourceVersion "1"]
[SourceVersionDate "2022.05.31"]
[SourceQuality "1"]

1. e4 e6 2. d4 d5 3. Nc3 Bb4 4. e5 c5 5. a3 Bxc3+ 6. bxc3 Ne7 7. h4 Nbc6 8. h5 Qa5 9. h6 gxh6 10. Bxh6 Qxc3+ 11. Bd2 Qxd4 12. Nf3 Qa4 13. Be3 d4 14. Bg5 Bd7 15. Nd2 0-0-0 16. Rb1 Rhg8 17. Bf6 Nd5 18. Bxd8 Nc3 19. Bb5 Nxd1 20. Bxa4 Nc3 21. Bxc6 Bxc6 22. Bf6 Nxb1 23. Nxb1 Rxg2 24. Nd2 Ba4 25. Rxh7 Bxc2 26. Rh8+ Kc7 27. Nc4 Bd3 28. Nd6 Kc6 29. Rc8+ Kd5 30. Nxb7 c4 31. f3 Rg1+ 32. Kf2 Rf1+ 33. Kg2 Rxf3 34. Kxf3 Be4+ 35. Kf4 d3 36. Rd8+ Kc6 37. Kxe4 Kxb7 38. Kd4 Kc7 39. Kxc4 d2 40. Rxd2 Kc6 41. Rd8 a6 42. Rf8 1-0

[Event "Titled Tuesday intern op 15th Feb Early"]
[Site "Chess.com INT"]
[Date "2022.02.15"]
[Round "4"]
[White "Golubenko, Valentina"]
[Black "Stromboli, Ettore"]
[Result "0-1"]
[WhiteElo "2209"]
[BlackElo "2308"]
[PlyCount "72"]
[EventDate "2022.02.15"]
[EventType "swiss (blitz)"]
[EventRounds "11"]
[EventCountry "USA"]
[SourceTitle "CBM 206 Extra"]
[Source "ChessBase"]
[SourceDate "2022.03.31"]
[SourceVersion "1"]
[SourceVersionDate "2022.03.31"]
[SourceQuality "1"]

1. d4 Nf6 2. g3 e6 3. Bg2 c5 4. Nf3 Nc6 5. c4 cxd4 6. Nxd4 Bb4+ 7. Nc3 0-0 8. 0-0 Ne5 9. Qb3 Qa5 10. Ncb5 a6 11. Nc3 Qc5 12. Bf4 Bxc3 13. Qxc3 Nxc4 14. b3 e5 15. Bxe5 Qxe5 16. Qxc4 d5 17. Qd3 Be6 18. Rac1 Rac8 19. Rfd1 h6 20. f4 Qd6 21. Nf5 Bxf5 22. Qxf5 Rxc1 23. Rxc1 Qa3 24. Rc2 Rd8 25. Qe5 Qb4 26. Qc3 Qb6+ 27. Qc5 Qe6 28. h3 Ne4 29. Qe3 f5 30. Kh2 d4 31. Qd3 Rd6 32. Qc4 Qxc4 33. Rxc4 Nc3 34. Bxb7 Nxe2 35. Bf3 d3 36. Kg2 Nd4 0-1

[Event "Titled Tuesday intern op 11th Jan"]
[Site "Chess.com INT"]
[Date "2022.01.11"]
[Round "5"]
[White "Krivonosov, Oleg"]
[Black "Stromboli, Ettore"]
[Result "1-0"]
[WhiteElo "2362"]
[BlackElo "2308"]
[PlyCount "113"]
[EventDate "2022.01.11"]
[EventType "swiss (blitz)"]
[EventRounds "11"]
[EventCountry "USA"]
[SourceTitle "CBM 206 Extra"]
[Source "ChessBase"]
[SourceDate "2022.03.31"]
[SourceVersion "1"]
[SourceVersionDate "2022.03.31"]
[SourceQuality "1"]

1. Nf3 b6 2. g3 Bb7 3. Bg2 Nf6 4. 0-0 g6 5. b3 Bg7 6. Bb2 0-0 7. c4 c5 8. Nc3 Nc6 9. d4 cxd4 10. Nxd4 Rc8 11. Rc1 d6 12. Qd2 Nd7 13. Nxc6 Bxc6 14. Bxc6 Rxc6 15. Nd5 Bxb2 16. Qxb2 e6 17. Ne3 Qf6 18. Qxf6 Nxf6 19. Rfd1 Rfc8 20. Rb1 Kf8 21. Rb2 Ke7 22. Rbd2 Ne4 23. Rd3 f5 24. f3 Nf6 25. Nc2 b5 26. Nd4 Ra6 27. Nxb5 Rxa2 28. Nxd6 Rc6 29. Kf1 a5 30. Nb5 a4 31. Nc3 axb3 32. Nxa2 bxa2 33. Ra1 Rxc4 34. Rxa2 Rc7 35. Rda3 Rc1+ 36. Kf2 Rd1 37. Ra7+ Nd7 38. Rb7 e5 39. Ra5 Ke6 40. Ra6+ Ke7 41. h4 Rd2 42. h5 Kf7 43. h6 Ke7 44. Ra8 Kf6 45. Rd8 Ke7 46. Rh8 Kf6 47. Rxh7 Nc5 48. Rbc7 Nb3 49. Rhf7+ Kg5 50. h7 Nd4 51. h8Q Rxe2+ 52. Kf1 Rh2 53. Qxh2 Nxf3 54. Qh3 e4 55. Rc6 e3 56. Re6 Nd2+ 57. Ke2 1-0

[Event "Titled Tuesday intern op 11th Jan"]
[Site "Chess.com INT"]
[Date "2022.01.11"]
[Round "6"]
[White "Liyanage, Ranindu Dilshan"]
[Black "Stromboli, Ettore"]
[Result "0-1"]
[WhiteElo "2353"]
[BlackElo "2308"]
[PlyCount "82"]
[EventDate "2022.01.11"]
[EventType "swiss (blitz)"]
[EventRounds "11"]
[EventCountry "USA"]
[SourceTitle "CBM 206 Extra"]
[Source "ChessBase"]
[SourceDate "2022.03.31"]
[SourceVersion "1"]
[SourceVersionDate "2022.03.31"]
[SourceQuality "1"]

1. e4 e6 2. d4 d5 3. Nc3 Bb4 4. e5 c5 5. a3 Bxc3+ 6. bxc3 Ne7 7. h4 Nbc6 8. h5 Qa5 9. Bd2 Bd7 10. h6 gxh6 11. c4 Qc7 12. cxd5 Nxd5 13. c4 Nde7 14. dxc5 Qxe5+ 15. Be2 Nd4 16. Kf1 Bc6 17. Bc3 0-0-0 18. Nf3 Nxf3 19. Qxd8+ Rxd8 20. Bxe5 Nxe5 21. Rxh6 Be4 22. Re1 Bg6 23. Kg1 Nf5 24. Rh3 Rd2 25. Bf1 Ng4 26. Be2 Ne5 27. Bf1 Nd7 28. c6 bxc6 29. Rd3 Rxd3 30. Bxd3 Nc5 31. Be2 Kc7 32. Rd1 Nd6 33. f3 a5 34. Kf2 e5 35. g4 h5 36. Ke3 hxg4 37. fxg4 Bc2 38. Rf1 Bb3 39. Kd2 Nxc4+ 40. Bxc4 Bxc4 41. Ke3 Bxf1 0-1

[Event "Titled Tuesday intern op 11th Jan"]
[Site "Chess.com INT"]
[Date "2022.01.11"]
[Round "3"]
[White "Stromboli, Ettore"]
[Black "Buker, Muhittin"]
[Result "1-0"]
[WhiteElo "2308"]
[BlackElo "1967"]
[PlyCount "107"]
[EventDate "2022.01.11"]
[EventType "swiss (blitz)"]
[EventRounds "11"]
[EventCountry "USA"]
[SourceTitle "CBM 206 Extra"]
[Source "ChessBase"]
[SourceDate "2022.03.31"]
[SourceVersion "1"]
[SourceVersionDate "2022.03.31"]
[SourceQuality "1"]

1. e4 e6 2. d4 d5 3. e5 c5 4. c3 Nc6 5. Be3 Qb6 6. Qd2 cxd4 7. cxd4 Nge7 8. Nf3 Nf5 9. Nc3 Nxe3 10. fxe3 Be7 11. Bd3 0-0 12. 0-0 f5 13. exf6 Bxf6 14. Rac1 Bd7 15. a3 Rac8 16. b4 Ne7 17. Ne2 Rxc1 18. Rxc1 Rc8 19. Rc5 Qd8 20. Qc2 b6 21. Bxh7+ Kh8 22. Rxc8 Qxc8 23. Qxc8+ Bxc8 24. Bd3 Bd7 25. Nf4 Nc8 26. g4 Nd6 27. g5 Bd8 28. Ne5 Bc8 29. h4 Kg8 30. Kf2 Bc7 31. Nfg6 Bb7 32. Nf4 Bc8 33. Kf3 b5 34. h5 Nc4 35. Nc6 Bd7 36. Ne7+ Kf7 37. Bxc4 bxc4 38. Neg6 c3 39. Ke2 Bb5+ 40. Kd1 Ba4+ 41. Kc1 a5 42. h6 gxh6 43. gxh6 Bxf4 44. Nxf4 axb4 45. axb4 Bb5 46. h7 Kg7 47. Kc2 Kxh7 48. Nxe6 Kg6 49. Nf4+ Kf5 50. Nxd5 Ke4 51. Nxc3+ Kxe3 52. Nxb5 Ke4 53. Kc3 Kd5 54. Na3 1-0

[Event "Titled Tuesday intern op 14th Dec"]
[Site "Chess.com INT"]
[Date "2021.12.14"]
[Round "3"]
[White "Nazaretyan, Tigran"]
[Black "Stromboli, Ettore"]
[Result "1-0"]
[WhiteElo "2316"]
[BlackElo "2308"]
[PlyCount "105"]
[EventDate "2021.12.14"]
[EventType "swiss (blitz)"]
[EventRounds "11"]
[EventCountry "USA"]
[SourceTitle "EXT 2023"]
[Source "ChessBase"]
[SourceDate "2022.10.05"]
[SourceVersion "1"]
[SourceVersionDate "2022.10.05"]
[SourceQuality "1"]

1. d4 e6 2. Nf3 b6 3. c4 Bb7 4. a3 f5 5. d5 Nf6 6. Nc3 Bd6 7. g3 0-0 8. Bg2 e5 9. 0-0 a5 10. e4 fxe4 11. Ng5 Na6 12. Ncxe4 Nc5 13. Be3 Ncxe4 14. Nxe4 Nxe4 15. Bxe4 Bc5 16. Qh5 g6 17. Qe2 Qe7 18. h4 Bxe3 19. Qxe3 d6 20. Kg2 Bc8 21. h5 g5 22. h6 Bf5 23. Rh1 Bxe4+ 24. Qxe4 Rf7 25. Rh5 Raf8 26. Rf1 Rf5 27. Qg4 Qf6 28. Kh3 Kh8 29. f3 Rxf3 30. Rxf3 Qxf3 31. Qxf3 Rxf3 32. Rxg5 Rf6 33. Rh5 Rf2 34. b4 axb4 35. axb4 Rf1 36. Kg4 Rc1 37. Rf5 Rxc4+ 38. Kg5 Kg8 39. Kf6 Rg4 40. Ke7 Kh8 41. Rf3 e4 42. Rf8+ Rg8 43. Rf4 Rxg3 44. Rxe4 Rg6 45. Rh4 Rxh6 46. Rxh6 Kg7 47. Re6 h5 48. Kd7 h4 49. Kxc7 b5 50. Kxd6 h3 51. Re3 h2 52. Rh3 Kf6 53. Rxh2 1-0

[Event "Titled Tuesday intern op 30th Nov"]
[Site "Chess.com INT"]
[Date "2021.11.30"]
[Round "6"]
[White "Romanchuk, Viktor"]
[Black "Stromboli, Ettore"]
[Result "0-1"]
[WhiteElo "2266"]
[BlackElo "2308"]
[PlyCount "56"]
[EventDate "2021.11.30"]
[EventType "swiss (blitz)"]
[EventRounds "11"]
[EventCountry "USA"]
[SourceTitle "CBM 205 Extra"]
[Source "ChessBase"]
[SourceDate "2022.01.31"]
[SourceVersion "1"]
[SourceVersionDate "2022.01.31"]
[SourceQuality "1"]

1. d4 Nf6 2. c4 e6 3. Nc3 Bb4 4. e3 c5 5. Nge2 cxd4 6. exd4 0-0 7. a3 Bxc3+ 8. Nxc3 d5 9. c5 b6 10. b4 a5 11. Bf4 axb4 12. axb4 Rxa1 13. Qxa1 Nc6 14. Qb2 Nxd4 15. Bd6 Re8 16. Nb5 bxc5 17. Bxc5 Nxb5 18. Bxb5 Bd7 19. Bd3 Qc7 20. 0-0 Rb8 21. Qc2 Bb5 22. f3 Bxd3 23. Qxd3 Nd7 24. Rc1 Rxb4 25. Qa3 Rc4 26. Rxc4 dxc4 27. Qa8+ Qb8 28. Qa4 Nxc5 0-1

[Event "Titled Tuesday intern op 30th Nov"]
[Site "Chess.com INT"]
[Date "2021.11.30"]
[Round "10"]
[White "Stromboli, Ettore"]
[Black "Petesch, Gabriel N"]
[Result "0-1"]
[WhiteElo "2308"]
[BlackElo "2330"]
[PlyCount "54"]
[EventDate "2021.11.30"]
[EventType "swiss (blitz)"]
[EventRounds "11"]
[EventCountry "USA"]
[SourceTitle "CBM 205 Extra"]
[Source "ChessBase"]
[SourceDate "2022.01.31"]
[SourceVersion "1"]
[SourceVersionDate "2022.01.31"]
[SourceQuality "1"]

1. e4 c6 2. d4 d5 3. Nc3 dxe4 4. Nxe4 Nf6 5. Ng5 e6 6. N1f3 h6 7. Nh3 g5 8. Ne5 Nbd7 9. f4 Bg7 10. Bd3 Nd5 11. c3 gxf4 12. Nxd7 Qh4+ 13. Kf1 Bxd7 14. Qf3 e5 15. Nf2 0-0-0 16. Be4 Ne3+ 17. Bxe3 fxe3 18. Qxe3 exd4 19. Qf3 Rhe8 20. Bf5 Re3 21. Bxd7+ Rxd7 22. Qf5 dxc3 23. bxc3 Bxc3 24. Rd1 Qc4+ 25. Kg1 Qe6 26. Qxe6 fxe6 27. Rxd7 Re1# 0-1

[Event "Titled Tuesday intern op 23rd Nov"]
[Site "Chess.com INT"]
[Date "2021.11.23"]
[Round "4"]
[White "Stromboli, Ettore"]
[Black "Lazavik, Denis"]
[Result "0-1"]
[WhiteElo "2308"]
[BlackElo "2465"]
[PlyCount "104"]
[EventDate "2021.11.23"]
[EventType "swiss (blitz)"]
[EventRounds "11"]
[EventCountry "USA"]
[SourceTitle "CBM 205 Extra"]
[Source "ChessBase"]
[SourceDate "2022.01.31"]
[SourceVersion "1"]
[SourceVersionDate "2022.01.31"]
[SourceQuality "1"]

1. e4 e5 2. Nf3 Nc6 3. Bb5 a6 4. Bxc6 dxc6 5. 0-0 Qf6 6. d3 Ne7 7. Bg5 Qe6 8. Nbd2 f6 9. Be3 Ng6 10. Qe2 Bd6 11. d4 0-0 12. c4 exd4 13. Nxd4 Qf7 14. Rfe1 Re8 15. f3 c5 16. N4b3 b6 17. Qf2 a5 18. Nf1 Qxc4 19. Rad1 Qf7 20. Ng3 Be6 21. Nc1 Bxa2 22. b4 axb4 23. f4 Bc4 24. e5 fxe5 25. f5 Nf4 26. Ne4 Qxf5 27. Rxd6 cxd6 28. Nxd6 Qg6 29. Bxf4 Qxd6 30. Be3 b3 31. Qb2 Qd5 32. h3 b5 33. Qc3 b4 34. Qb2 Ra2 35. Nxa2 bxa2 36. Bf2 Bd3 37. Bg3 Bb1 38. Bf2 c4 39. Kh1 c3 40. Qa1 e4 41. Rxb1 axb1Q+ 42. Qxb1 e3 43. Qe1 Qd2 44. Qf1 Qxf2 45. Qc4+ Qf7 46. Qe2 b3 47. g4 c2 48. Qe1 e2 49. g5 Qf1+ 50. Kh2 Qxe1 51. g6 Qf2+ 52. Kh1 e1Q# 0-1

[Event "Titled Tuesday intern op 09th Nov"]
[Site "Chess.com INT"]
[Date "2021.11.09"]
[Round "2"]
[White "Stromboli, Ettore"]
[Black "Boraso, Alessio"]
[Result "1-0"]
[WhiteElo "2308"]
[BlackElo "2308"]
[PlyCount "103"]
[EventDate "2021.11.09"]
[EventType "swiss (blitz)"]
[EventRounds "11"]
[EventCountry "USA"]
[SourceTitle "CBM 205 Extra"]
[Source "ChessBase"]
[SourceDate "2022.01.31"]
[SourceVersion "1"]
[SourceVersionDate "2022.01.31"]
[SourceQuality "1"]

1. e4 Nf6 2. e5 Nd5 3. Nf3 g6 4. d4 Bg7 5. Bc4 Nb6 6. Bb3 0-0 7. 0-0 d6 8. exd6 cxd6 9. h3 Nc6 10. c3 Bf5 11. Re1 Na5 12. Bg5 Re8 13. Bc2 Bxc2 14. Qxc2 Rc8 15. Nbd2 Nac4 16. Nxc4 Nxc4 17. b3 Na3 18. Qd3 Qd7 19. c4 Qf5 20. Qe2 Qc2 21. Rac1 Qxe2 22. Rxe2 e6 23. Rd1 d5 24. Bc1 Bf8 25. c5 Nb5 26. Bb2 a6 27. a4 Na7 28. Ne5 Nc6 29. Nd7 Be7 30. Nb6 Rb8 31. Bc3 Bd8 32. Nd7 Rc8 33. b4 Nb8 34. Ne5 Bc7 35. b5 Bxe5 36. Rxe5 f6 37. Re2 Kf7 38. Rb1 Re7 39. f4 axb5 40. axb5 Rd8 41. Bb4 Red7 42. Ra1 Re8 43. Ra8 Red8 44. Rea2 Rc7 45. Ba5 Rcd7 46. Bxd8 Rxd8 47. R2a7 Nc6 48. Rxb7+ Ke8 49. Rxd8+ Nxd8 50. Rxh7 Nf7 51. Rxf7 Kxf7 52. b6 1-0

[Event "Titled Tuesday intern op 09th Nov"]
[Site "Chess.com INT"]
[Date "2021.11.09"]
[Round "1"]
[White "Tari, Aryan"]
[Black "Stromboli, Ettore"]
[Result "1-0"]
[WhiteElo "2649"]
[BlackElo "2308"]
[PlyCount "143"]
[EventDate "2021.11.09"]
[EventType "swiss (blitz)"]
[EventRounds "11"]
[EventCountry "USA"]
[SourceTitle "CBM 205 Extra"]
[Source "ChessBase"]
[SourceDate "2022.01.31"]
[SourceVersion "1"]
[SourceVersionDate "2022.01.31"]
[SourceQuality "1"]

1. c4 b6 2. e4 Bb7 3. Nc3 e6 4. Nge2 Nf6 5. f3 d5 6. cxd5 exd5 7. e5 d4 8. exf6 dxc3 9. dxc3 Qxf6 10. Nd4 Be7 11. Bb5+ c6 12. Bd3 0-0 13. 0-0 Nd7 14. Be3 Rfe8 15. Bf2 Ne5 16. Be4 Rad8 17. Qc2 g6 18. Rad1 Bf8 19. Kh1 Bg7 20. Bg3 Nc4 21. Bf2 Ba8 22. b3 Ne5 23. c4 c5 24. Bxa8 Rxa8 25. Nb5 Red8 26. Nc7 Rxd1 27. Rxd1 Rd8 28. Nd5 Qe6 29. Re1 Qd7 30. Bh4 Re8 31. Qe2 Kf8 32. Bg3 f6 33. Qd2 Nc6 34. Rxe8+ Qxe8 35. h4 Kf7 36. Qf4 Qe5 37. Qg4 f5 38. Bxe5 fxg4 39. Bxg7 Kxg7 40. fxg4 Nd4 41. Ne7 Nc2 42. Nc8 Nb4 43. a4 Na2 44. Nxa7 Nc1 45. Nc8 Nxb3 46. Nxb6 Kf6 47. Nd7+ Ke7 48. Ne5 Ke6 49. Nd3 Kd6 50. Kh2 Na5 51. Nb2 Ke5 52. Kg3 Ke4 53. h5 g5 54. h6 Ke3 55. Nd1+ Kd4 56. Nf2 Nxc4 57. Nh3 Nb6 58. a5 Nd5 59. Nxg5 c4 60. Nxh7 c3 61. Ng5 c2 62. h7 c1Q 63. h8Q+ Kd3 64. Qh7+ Ke2 65. Qe4+ Ne3 66. Qf3+ Ke1 67. Qf2+ Kd1 68. Qg1+ Kd2 69. Qxc1+ Kxc1 70. a6 Nf1+ 71. Kh4 Nd2 72. a7 1-0

[Event "Titled Tuesday intern op 26th Oct"]
[Site "Chess.com INT"]
[Date "2021.10.26"]
[Round "6"]
[White "Materia, Marco"]
[Black "Stromboli, Ettore"]
[Result "0-1"]
[WhiteElo "2303"]
[BlackElo "2308"]
[PlyCount "156"]
[EventDate "2021.10.26"]
[EventType "swiss (blitz)"]
[EventRounds "11"]
[EventCountry "USA"]
[SourceTitle "CBM 204 Extra"]
[Source "ChessBase"]
[SourceDate "2021.11.30"]
[SourceVersion "1"]
[SourceVersionDate "2021.11.30"]
[SourceQuality "1"]

1. d4 Nf6 2. c4 e6 3. Nf3 b6 4. g3 Bb7 5. Bg2 Be7 6. 0-0 0-0 7. Nc3 Ne4 8. Qc2 Nxc3 9. Qxc3 f5 10. Rd1 Bf6 11. Bf4 c5 12. Be5 cxd4 13. Bxd4 Be4 14. Bxf6 gxf6 15. Nd4 Qe7 16. Nb5 Bxg2 17. Kxg2 Nc6 18. Nd6 Ne5 19. b3 Nf7 20. Nxf7 Rxf7 21. Qd4 Rc8 22. Rd3 Qc5 23. Qf4 Qe5 24. Qxe5 fxe5 25. Rad1 Rc7 26. Re3 e4 27. f3 exf3+ 28. Kxf3 Kg7 29. Red3 Kf6 30. Rd4 Ke7 31. Rh4 Rc5 32. Rh6 Ra5 33. a4 Re5 34. Rd4 Kf8 35. Rhh4 Ke7 36. e3 Rc5 37. b4 Re5 38. Rh6 a5 39. b5 Rc5 40. Rdh4 Kd6 41. Ke2 Rc8 42. Kd3 Rh8 43. Kd4 Re7 44. R4h5 Rf7 45. h3 Rg7 46. Rh4 Rxg3 47. Rxh7 Rxh7 48. Rxh7 e5+ 49. Kd3 f4 50. Rh8 Rxe3+ 51. Kd2 Ra3 52. Rb8 Kc5 53. Rc8+ Kd4 54. Rb8 Ra2+ 55. Ke1 Ke3 56. Kd1 f3 57. Rxb6 f2 58. Rf6 Ra1+ 59. Kc2 f1Q 60. Rxf1 Rxf1 61. Kc3 Rb1 62. c5 Ke4 63. Kc4 Rc1+ 64. Kb3 Rxc5 65. h4 Kf5 66. h5 Kg5 67. b6 Rc6 68. b7 Rb6+ 69. Kc4 Rxb7 70. Kd5 Kxh5 71. Kxe5 Rb4 72. Kd6 Rxa4 73. Kxd7 Rb4 74. Kc6 Rb1 75. Kc5 a4 76. Kc4 a3 77. Kc3 a2 78. Kc2 Rb8 0-1